| 000 | 01080nas a2200349 4500 | ||
|---|---|---|---|
| 001 | BR2016004639 | ||
| 003 | BR-BrBNA | ||
| 005 | 20231205130711.0 | ||
| 007 | ta | ||
| 008 | 230509b bl.|||p| |||| 00| 00por d | ||
| 040 |
_aBR-BrBNA _bpor _cBiblioteca Nacional de Agricultura |
||
| 041 | _a(En) | ||
| 072 | _aF30 | ||
| 100 | 1 | _aMadabula, F.P. | |
| 100 | 1 | _aSantos, R.S. dos | |
| 100 | 1 | _aMachado, N. | |
| 100 | 1 | _aPegoraro, C. | |
| 100 | 1 | _aKruger, M.M. | |
| 100 | 1 | _aMaia, L.C. da | |
| 100 | 1 | _aSouza, R.O. de | |
| 100 | 1 | _aOliveira, A.C. de | |
| 245 | 1 | _aRice genotypes for drought tolerance: morphological and transcriptional evaluation of auxin-related genes | |
| 650 | _aARROZ | ||
| 650 | _aGENÓTIPO | ||
| 650 | _aGENÉTICA VEGETAL | ||
| 650 | _aCRUZAMENTO | ||
| 650 | _aCONDIÇÃO AMBIENTAL | ||
| 773 | 0 |
_tBragantia (Brazil) _xISSN 1678-4499 _g(Oct-Dec 2016), v. 75(4) p. 428-434 _wBR2016004639 |
|
| 856 | 4 | 0 | _uhttp://www.scielo.br/pdf/brag/v75n4/0006-8705-brag-1678-4499562.pdf |
| 909 |
_a202311 _bLúcia _c55 _dLúcia Elande |
||
| 942 |
_2AGRIS _n0 _cANA |
||
| 999 |
_c250754 _d250754 |
||